| 000 | 00592nam a22002177a 4500 | ||
|---|---|---|---|
| 003 | OSt | ||
| 005 | 20150917085240.0 | ||
| 008 | 121205t xxu||||| |||| 00| 0 eng d | ||
| 020 | _a9715501699 | ||
| 050 |
_aPL 6058.4 _b.F835 2005 |
||
| 082 |
_aFIL 899.2113 _bF84 2005 |
||
| 100 | _aFrancisco, Lazaro. | ||
| 245 |
_aMaganda pa ang daigdig / _cLazaro Francisco, |
||
| 260 |
_aQuezon City, Philippines : _bAteneo de Manila University Press, _c2005. |
||
| 300 |
_aviii, 286 pages : _c20 cm. |
||
| 942 |
_2lcc _cBK |
||
| 999 |
_c1438 _d1438 |
||